20,000 leagues under the sea. (Record no. 474)

MARC details
000 -LEADER
fixed length control field 00993cam a2200313 4500
001 - CONTROL NUMBER
control field 394563
003 - CONTROL NUMBER IDENTIFIER
control field GBCCL
005 - DATE AND TIME OF LATEST TRANSACTION
control field 20241126110339.0
008 - FIXED-LENGTH DATA ELEMENTS--GENERAL INFORMATION
fixed length control field 701217s1969 nyu b 000 1 eng
010 ## -
-- 79093038
040 ## - CATALOGING SOURCE
Original cataloging agency DLC
Transcribing agency DLC
Modifying agency DLC
041 1# -
-- engfre
050 10 -
-- PZ3.V594
-- Tw57
-- PQ2469
082 00 - DEWEY DECIMAL CLASSIFICATION NUMBER
Classification number 843.8
Item number VER
100 1# - MAIN ENTRY--PERSONAL NAME
Personal name Verne, Jules,
Dates associated with a name 1828-1905.
240 10 -
-- Vingt mille lieues sous les mers.
-- English
245 10 - TITLE STATEMENT
Title 20,000 leagues under the sea.
Statement of responsibility, etc. Translated and with a foreword by Mendor T. Brunetti.
260 ## - PUBLICATION, DISTRIBUTION, ETC.
Place of publication, distribution, etc. New York,
Name of publisher, distributor, etc. Scholastic book services
Date of publication, distribution, etc. 1971
300 ## - PHYSICAL DESCRIPTION
Extent 384 p.
Dimensions 18 cm.
350 ## - PRICE (NR) (BK AM CF MU VM SE) [OBSOLETE]
Price $0.75
490 0# - SERIES STATEMENT
Series statement A Signet classic, CT489
500 ## - GENERAL NOTE
General note Translation of Vingt mille lieues sous les mers.
504 ## - BIBLIOGRAPHY, ETC. NOTE
Bibliography, etc. note Bibliography: p. 383-384.
650 #0 - SUBJECT ADDED ENTRY--TOPICAL TERM
Topical term or geographic name entry element Underwater exploration
General subdivision Fiction.
650 #0 - SUBJECT ADDED ENTRY--TOPICAL TERM
Topical term or geographic name entry element Submarines (Ships)
General subdivision Fiction.
655 #7 - INDEX TERM--GENRE/FORM
Genre/form data or focus term Science fiction.
Source of term gsafd
906 ## - LOCAL DATA ELEMENT F, LDF (RLIN)
a 7
b cbc
c orignew
d 2
e ncip
f 19
g y-gencatlg
942 ## - ADDED ENTRY ELEMENTS (KOHA)
Source of classification or shelving scheme Dewey Decimal Classification
Koha item type Books
Holdings
Withdrawn status Lost status Source of classification or shelving scheme Damaged status Not for loan Home library Current Library Shelving location Date acquired Total checkouts Full call number Barcode Date last seen Copy number Price effective from Koha item type
    Dewey Decimal Classification     GRACE BIBLE COLLEGE GRACE BIBLE COLLEGE General Studies 2016-11-02   843.8 VER 009272 2025-05-01 c.1 2016-11-02 Books
© Grace Bible College Library 2025